Quizzes
Events
Quiz Creation
Community
Videos
Private Events
Remove Ads
Sign In
Join for FREE
Feedback
Dark Mode
Quiz Categories
Sports
Geography
Music
Movies
Television
Just For Fun
Miscellaneous
History
Literature
Language
Science
Gaming
Entertainment
Religion
Holiday
For Kids
Quiz Lab
Recent
Popular Today
Quiz Kudos Today
Editor Picks
Curator Picks
Quizzes by...
Day
Popularity
Type
Ratings
Length
Year
Community
Subscriptions
Recent Discussions
Orange Saloon
Badges
Playlists
Quests
Create
Leaderboards
Showdown
Live 5
Trivia Bingo
Activity
Puzzle Library
Sporcle Events
Private Events
Virtual Trivia
Globe League
Become a Host
Pub Owners
SporcleCon
Opinionation
Our Games
Videos
Blog
Mobile Apps
Partnerships
Remove Ads and Go Orange
Feedback
Gaming
Video Games
Board Games
Card Games
Pokémon
Mario
Nintendo
Minecraft
Console
Toys
Legend of Zelda
Gaming
Video Games
Board Games
Card Games
Pokémon
Mario
Nintendo
Minecraft
Console
Toys
Legend of Zelda
Random Quiz
Search Sporcle
×
Quiz Lab
Quiz Lab
Gaming
Video Games
Type in answers that appear in a list
Type in answers that appear in a list
Classic
Best Score? Go Orange.
All Sly Cooper Villains Stats
Can you name the All Sly Cooper Villains?
By
Reediculous23
8m
24 Questions
159 Plays
159 Plays
159 Plays
Comments
Comments
Give Quiz Kudos
Give Quiz Kudos
-
- Ratings
hide this ad
More Info
Replay
Link that replays current quiz
Next Quiz
Link to next quiz in quiz playlist
You Got
0%
They Got
Avg Score
82%
Avg Friend Score
Upgrade to see
Score Distribution
Jump to the score distribution portion of the page
Score
0/24
Timer
08:00
0
Plays Today
Hint
Answer
% Correct
Fiendish Five Member
Clockwerk
94.3%
Fiendish Five Member
Panda King
93.1%
Fiendish Five Member
Muggshot
91.2%
Klaww Gang Member
Contessa
90.6%
Sly 2 Final Boss
Clockla
89.9%
Klaww Gang Member
Jean Bison
89.3%
Klaww Gang Member
Rajan
88.7%
Klaww Gang Member
Dimitri
88.1%
Klaww Gang Member
Arpeggio
87.4%
Sly 2 Boss
Neyla
86.8%
Sly 3 Boss
Octavio
85.5%
Fiendish Five Member
Mz. Ruby
84.3%
Hint
Answer
% Correct
Fiendish Five Member
Raleigh
83%
Sly 3 Boss
Black Baron
83%
Sly 3 Boss
Dr. M
83%
Thieves in Time Boss
El Jefe
81.8%
Thieves in Time Boss
Grizz
79.9%
Thieves in Time Boss
The Black Knight
79.9%
Sly 3 Boss
General Tsao
76.7%
Thieves in Time Boss
Toothpick
76.1%
Sly 3 Boss
Mask of Dark Earth
73.6%
Sly 3 Boss
Captain LeFwee
65.4%
Thieves in Time Boss
Ms. Decibel
62.9%
Thieves in Time Boss
Paradox
57.2%
Quiz Playlist
Details
Report
Send in Message
Add To Playlist
More Info:
Can you name all of the bosses that were defeated by the Sly Cooper Gang in the 4 Sly Cooper video games?
Classic:
Type in answers that appear in a list
Last Updated: Feb 16, 2017
Quiz Scoreboard
CHALLENGE
Sign Up to Join the Scoreboard
Show All
Scores
Hide
Comments
May contain spoilers
Recently Published
Street Fighter Characters
by Artimus82
Gaming
60s
9x9 Crossword: Cartoon Network
by jackfrog10
Miscellaneous
3m
College Basketball Coaching Resumes
by pancakes188
Sports
9m
More to Explore
Quiz From the Vault
Featured Blog Post
Where Did the Easter Bunny Come From?
hide this ad
You Might Also Like...
Tags
Video Games Quiz
Playstation
Sly Cooper
Villains
Today's Top Quizzes in Gaming
Browse Gaming
hide this ad
Today's Top Quizzes in Video Games
Browse Video Games
Top Contributed Quizzes in Gaming
1
5-to-1: Consoles
2
7-to-1: Board Game Piece Blitz
3
5-to-1: Legend of Zelda
4
League of Legends Pro Players by Career/Team History
5
Destiny 2 exotic weapons by perk icons
6
Ultimate Genshin Impact Logic Puzzle (up to 4.3)
7
Franchise by Action Figure
8
Who's on the WWE 2K24 Cover?
9
Genshin Impact Logic Puzzle Quiz
10
Order the Pokémon Regions
Explore More
Trending Topics
Crossword
Anime
Kpop
Disney
Marvel
Harry Potter
NBA
WWE
Puzzle
Pokémon
Soccer
Country
Song
NFL
The Office
hide this ad
More By:
Reediculous23
Quiz
Plays
Rating
Category
Featured
Created
All Sly Cooper Villains
159
5.00
Gaming
Jan 30, 2017
Go to Creator's Profile
Score Distribution
Quiz Creator Spotlight
Reediculous23
Follow
Send a Message
Quizzes Created
-
Created Quiz Play Count
-
More By This Creator
Popular Quizzes Today
1
Find the US States - No Outlines Minefield
2
Find the Countries of Europe - No Outlines Minefield
3
The Countries of the World
4
Find the US States
5
Risky Map Clicking: Biggest States A-Z
6
US States
7
Popular People in 1961
8
Movies - When Are They Set?
More Gaming Quizzes
'Board Games' by First Letters
Published
Trending Quizzes
Risky Map Clicking: Least Populous States A-Z
1-10 Letter G Words
Risky Map Clicking: Next State Alphabetically
Adjectives in 80s TV Shows
The Seven Year Switch: Catherine
Recently Updated
Leaping Animals
pecheneg
Reality TV Shows (A-Z)
bhenderson79
Rickey Henderson's Hall of Fame Teammates
pecheneg
Champions League XIs: Arsenal
pecheneg
Quick Pick: Celebrities in WWE's Hall of Fame
aduchscher
A-Z Keypad Blitz II
pecheneg
Multiple Oscar Actors
pecheneg
Mystery Phrase Blitz: Oscar 'Best Actors'
pecheneg
F. Scott Fitzgerald Novels
LTH
Pick 3 Villains
ddd62291
Trending Topics
Disney
NBA
Kpop
Anime
Harry Potter
Crossword
Marvel
Song
Pokémon
WWE
Soccer
Country
NFL
Puzzle
The Office
Your Account Isn't Verified!
In order to create a playlist on Sporcle, you need to verify the email address you used during registration. Go to your
Sporcle Settings
to finish the process.
Report this User
Report this user for behavior that violates our
Community Guidelines
.
Details:
Send Report
Go to the Sporcle.com Mobile Site →
Comments